Cách đặt câu hỏi trong tiếng Anh Ngữ pháp tiếng Anh giản yếu
Giới thiệu sơ lược ngữ pháp trong tiếng Ạnh, cách chia động từ; đưa ra các bài tập bổ trợ và naangcao; kèm theo đáp án ở cuối sách
Đã lưu trong:
| Tác giả chính: | |
|---|---|
| Định dạng: | Sách |
| Năm xuất bản: |
Đồng Nai
Tổng hợp Đồng Nai
1999
|
| Chủ đề: | |
| Tags: |
Thêm thẻ
Không có thẻ, Hãy là người đầu tiên gắn thẻ bản ghi này!
|
| LEADER | 00990nam a2200193 4500 | ||
|---|---|---|---|
| 082 | |a 425.076 |b Đ406V | ||
| 100 | |a Đoàn Văn Điều | ||
| 245 | |a Cách đặt câu hỏi trong tiếng Anh |c Đoàn Văn Điều |b Ngữ pháp tiếng Anh giản yếu | ||
| 260 | |a Đồng Nai |b Tổng hợp Đồng Nai |c 1999 | ||
| 300 | |a 191 tr. |c 19 cm | ||
| 520 | |a Giới thiệu sơ lược ngữ pháp trong tiếng Ạnh, cách chia động từ; đưa ra các bài tập bổ trợ và naangcao; kèm theo đáp án ở cuối sách | ||
| 653 | |a Ngôn ngữ | ||
| 653 | |a Tiếng Anh | ||
| 653 | |a Ngữ pháp | ||
| 653 | |a Câu hỏi | ||
| 942 | |2 ddc |c STK0 | ||
| 999 | |c 3307 |d 3307 | ||
| 952 | |0 0 |1 0 |2 ddc |4 0 |6 425_076000000000000_Đ406V |7 1 |8 400 |9 35890 |a qbu |b qbu |c D4 |d 2014-12-16 |g 14000 |o 425.076 Đ406V |p 2375.C1 |r 0000-00-00 |w 2014-12-16 |y STK0 | ||
| 952 | |0 0 |1 0 |2 ddc |4 0 |6 425_076000000000000_Đ406V |7 0 |8 400 |9 35891 |a qbu |b qbu |c D4 |d 2014-12-16 |g 14000 |l 5 |o 425.076 Đ406V |p 2375.C2 |r 2018-10-22 |s 2018-10-09 |w 2014-12-16 |y STK0 | ||